[Event "DVM U16w 2021"]
[Site "Berlin GER"]
[Date "2022.05.01"]
[Round "4"]
[White "Lensing, Sienna"]
[Black "Glowiak, Alexandra"]
[Result "1/2-1/2"]
[Termination "normal"]
[Board "3.1"]
[WhiteElo "1374"]
[BlackElo "1496"]
[WhiteClock "00:15:16"]
[BlackClock "00:01:27"]
[WhiteTeam "Schachgemeinschaft Turm Raesfeld/Erle"]
[BlackTeam "Chemnitzer SC Aufbau95"]
[PlyCount "76"]
[WhiteFideId "16298381"]
[BlackFideId "16259530"]
[EventCountry "GER"]
[EventRounds "7"]
[EventType "team-swiss"]
[EventDate "2022.04.29"]

1. d4 {[%clk 1:30:59]} d5 {[%clk 1:30:54]} 2. Nf3 {[%clk 1:31:21]} Nf6 {[%clk
1:31:00]} 3. e3 {[%clk 1:31:45]} e6 {[%clk 1:31:07]} 4. Bd3 {[%clk 1:32:09]} c5
{[%clk 1:28:18]} 5. O-O {[%clk 1:30:02]} Nc6 {[%clk 1:19:49]} 6. b3 {[%clk
1:29:01]} Bd6 {[%clk 1:18:01]} 7. Bb2 {[%clk 1:28:20]} O-O {[%clk 1:17:10]} 8.
a3 {[%clk 1:27:38]} Qc7 {[%clk 1:00:48]} 9. Nbd2 {[%clk 1:25:58]} e5 {[%clk
0:52:45]} 10. dxe5 {[%clk 1:20:00]} Nxe5 {[%clk 0:53:02]} 11. Be2 {[%clk
1:14:58]} a6 {[%clk 0:40:36]} 12. c4 {[%clk 1:13:15]} dxc4 {[%clk 0:36:59]} 13.
Bxc4 {[%clk 1:12:40]} Bg4 {[%clk 0:34:38]} 14. h3 {[%clk 1:11:08]} Bxf3 {[%clk
0:31:13]} 15. Nxf3 {[%clk 1:11:10]} Nxc4 {[%clk 0:31:23]} 16. bxc4 {[%clk
1:11:15]} Rad8 {[%clk 0:31:26]} 17. Qc2 {[%clk 1:11:13]} Nd7 {[%clk 0:25:39]}
18. Rad1 {[%clk 1:08:56]} Ne5 {[%clk 0:24:35]} 19. Ng5 {[%clk 1:07:21]} Ng6
{[%clk 0:24:26]} 20. h4 {[%clk 1:03:55]} Be7 {[%clk 0:16:24]} 21. Rd5 {[%clk
0:47:58]} Rxd5 {[%clk 0:15:35]} 22. cxd5 {[%clk 0:47:16]} Bxg5 {[%clk 0:15:20]}
23. hxg5 {[%clk 0:46:56]} Qe7 {[%clk 0:13:24]} 24. Qc3 {[%clk 0:40:47]} f6
{[%clk 0:12:52]} 25. gxf6 {[%clk 0:40:53]} gxf6 {[%clk 0:13:11]} 26. Qb3 {[%clk
0:37:46]} Kg7 {[%clk 0:13:11]} 27. Rd1 {[%clk 0:36:06]} b5 {[%clk 0:10:16]} 28.
d6 {[%clk 0:35:22]} Qd7 {[%clk 0:10:33]} 29. Qd5 {[%clk 0:34:08]} c4 {[%clk
0:10:01]} 30. Bc3 {[%clk 0:31:05]} h6 {[%clk 0:03:25]} 31. Kf1 {[%clk 0:27:51]}
Re8 {[%clk 0:03:28]} 32. Qc5 {[%clk 0:25:58]} Rd8 {[%clk 0:01:00]} 33. Ba5
{[%clk 0:22:33]} Rf8 {[%clk 0:01:23]} 34. Qc7 {[%clk 0:22:35]} Rf7 {[%clk
0:01:40]} 35. Qb6 {[%clk 0:19:00]} Ne5 {[%clk 0:01:25]} 36. Qc7 {[%clk
0:16:31]} Nd3 {[%clk 0:01:13]} 37. Qxd7 {[%clk 0:15:54]} Rxd7 {[%clk 0:01:40]}
38. Bc7 {[%clk 0:15:16]} f5 {[%clk 0:01:27]} 1/2-1/2

[Event "DVM U16w 2021"]
[Site "Berlin GER"]
[Date "2022.05.01"]
[Round "4"]
[White "Czäczine, Paula"]
[Black "Bone, Franziska"]
[Result "1-0"]
[Termination "normal"]
[Board "3.2"]
[WhiteElo "1127"]
[BlackElo "1175"]
[WhiteClock "00:27:33"]
[BlackClock "00:11:33"]
[WhiteTeam "Chemnitzer SC Aufbau95"]
[BlackTeam "Schachgemeinschaft Turm Raesfeld/Erle"]
[PlyCount "115"]
[WhiteFideId "16249305"]
[BlackFideId "16261488"]
[EventCountry "GER"]
[EventRounds "7"]
[EventType "team-swiss"]
[EventDate "2022.04.29"]

1. e4 {[%clk 1:30:56]} e5 {[%clk 1:30:45]} 2. Nf3 {[%clk 1:31:17]} Nc6 {[%clk
1:30:47]} 3. d4 {[%clk 1:31:37]} exd4 {[%clk 1:31:03]} 4. Nxd4 {[%clk 1:31:53]}
Bc5 {[%clk 1:31:09]} 5. Be3 {[%clk 1:32:13]} Qf6 {[%clk 1:31:01]} 6. c3 {[%clk
1:32:33]} Nge7 {[%clk 1:31:10]} 7. Bc4 {[%clk 1:32:45]} Ne5 {[%clk 1:30:52]} 8.
Be2 {[%clk 1:32:32]} Qg6 {[%clk 1:29:28]} 9. O-O {[%clk 1:30:59]} d6 {[%clk
1:29:10]} 10. Kh1 {[%clk 1:19:50]} O-O {[%clk 1:25:16]} 11. Nd2 {[%clk
1:15:14]} Bd7 {[%clk 1:22:26]} 12. h3 {[%clk 1:05:07]} Rae8 {[%clk 1:16:46]}
13. f4 {[%clk 1:01:51]} N5c6 {[%clk 1:14:31]} 14. f5 {[%clk 0:49:37]} Qf6
{[%clk 1:09:00]} 15. N2f3 {[%clk 0:48:20]} Nxf5 {[%clk 1:02:59]} 16. Nxf5
{[%clk 0:46:21]} Bxf5 {[%clk 1:01:31]} 17. Bxc5 {[%clk 0:46:41]} Rxe4 {[%clk
0:59:41]} 18. Bd4 {[%clk 0:44:37]} Qg6 {[%clk 0:56:06]} 19. Qd2 {[%clk
0:39:57]} Rfe8 {[%clk 0:52:59]} 20. Rae1 {[%clk 0:37:27]} h6 {[%clk 0:47:19]}
21. Bb5 {[%clk 0:35:01]} Rxe1 {[%clk 0:44:03]} 22. Rxe1 {[%clk 0:35:20]} Rxe1+
{[%clk 0:44:13]} 23. Qxe1 {[%clk 0:35:41]} Nxd4 {[%clk 0:41:58]} 24. Nxd4
{[%clk 0:35:46]} Be4 {[%clk 0:41:30]} 25. Qf2 {[%clk 0:34:47]} Qg5 {[%clk
0:38:34]} 26. Kh2 {[%clk 0:28:44]} Qc5 {[%clk 0:34:34]} 27. Qe2 {[%clk
0:25:26]} d5 {[%clk 0:31:10]} 28. Bd3 {[%clk 0:22:50]} Qd6+ {[%clk 0:30:08]}
29. Kh1 {[%clk 0:21:42]} Qf4 {[%clk 0:27:42]} 30. Bxe4 {[%clk 0:21:09]} dxe4
{[%clk 0:27:59]} 31. Nb3 {[%clk 0:18:32]} e3 {[%clk 0:26:12]} 32. Kg1 {[%clk
0:14:58]} Qe4 {[%clk 0:24:00]} 33. Nd4 {[%clk 0:12:59]} Qb1+ {[%clk 0:22:28]}
34. Kh2 {[%clk 0:13:09]} Qe4 {[%clk 0:21:15]} 35. Nc2 {[%clk 0:11:52]} Qa4
{[%clk 0:16:08]} 36. a3 {[%clk 0:10:24]} Qf4+ {[%clk 0:15:05]} 37. g3 {[%clk
0:09:36]} Qf2+ {[%clk 0:14:37]} 38. Qxf2 {[%clk 0:09:53]} exf2 {[%clk 0:15:01]}
39. Kg2 {[%clk 0:10:13]} Kh7 {[%clk 0:14:30]} 40. Kxf2 {[%clk 0:10:12]} Kg6
{[%clk 0:14:30]} 41. Nd4 {[%clk 0:09:55]} a6 {[%clk 0:10:34]} 42. Kf3 {[%clk
0:09:10]} c5 {[%clk 0:08:22]} 43. Nb3 {[%clk 0:08:33]} b6 {[%clk 0:07:38]} 44.
Nd2 {[%clk 0:07:47]} Kf5 {[%clk 0:06:12]} 45. Nc4 {[%clk 0:07:31]} b5 {[%clk
0:04:18]} 46. Nd6+ {[%clk 0:07:11]} Ke6 {[%clk 0:04:18]} 47. Nb7 {[%clk
0:06:26]} Kd5 {[%clk 0:03:35]} 48. b3 {[%clk 0:05:46]} f6 {[%clk 0:29:05]} 49.
Kf4 {[%clk 0:34:24]} g6 {[%clk 0:27:55]} 50. Nd8 {[%clk 0:32:53]} a5 {[%clk
0:24:10]} 51. Ke3 {[%clk 0:29:53]} f5 {[%clk 0:19:16]} 52. Kd3 {[%clk 0:28:13]}
g5 {[%clk 0:15:00]} 53. Nf7 {[%clk 0:27:19]} f4 {[%clk 0:12:01]} 54. gxf4
{[%clk 0:27:22]} gxf4 {[%clk 0:12:21]} 55. c4+ {[%clk 0:26:30]} bxc4+ {[%clk
0:12:32]} 56. bxc4+ {[%clk 0:26:54]} Ke6 {[%clk 0:11:57]} 57. Nxh6 {[%clk
0:27:17]} Kf6 {[%clk 0:11:33]} 58. Ke4 {[%clk 0:27:33]} 1-0

[Event "DVM U16w 2021"]
[Site "Berlin GER"]
[Date "2022.05.01"]
[Round "4"]
[White "Clauß, Annika"]
[Black "Czäczine, Laura"]
[Result "1-0"]
[Termination "normal"]
[Board "3.3"]
[WhiteElo "1506"]
[BlackElo "1358"]
[WhiteClock "00:01:35"]
[BlackClock "00:11:25"]
[WhiteTeam "Schachgemeinschaft Turm Raesfeld/Erle"]
[BlackTeam "Chemnitzer SC Aufbau95"]
[PlyCount "79"]
[WhiteFideId "16261380"]
[BlackFideId "16211448"]
[EventCountry "GER"]
[EventRounds "7"]
[EventType "team-swiss"]
[EventDate "2022.04.29"]

1. d4 {[%clk 1:30:59]} d5 {[%clk 1:30:52]} 2. c4 {[%clk 1:31:23]} dxc4 {[%clk
1:31:17]} 3. Nc3 {[%clk 1:31:47]} c5 {[%clk 1:29:47]} 4. d5 {[%clk 1:29:19]}
Nf6 {[%clk 1:27:33]} 5. e4 {[%clk 1:29:16]} a6 {[%clk 1:24:12]} 6. a4 {[%clk
1:25:52]} e5 {[%clk 1:20:38]} 7. Bxc4 {[%clk 1:22:48]} Bd6 {[%clk 1:18:10]} 8.
h3 {[%clk 1:17:22]} Bc7 {[%clk 1:14:44]} 9. Bg5 {[%clk 1:12:45]} Nbd7 {[%clk
1:13:20]} 10. Nge2 {[%clk 1:07:13]} Nb6 {[%clk 1:11:45]} 11. Ba2 {[%clk
1:05:03]} Bd7 {[%clk 1:10:12]} 12. f4 {[%clk 0:47:17]} h6 {[%clk 1:07:01]} 13.
Bxf6 {[%clk 0:39:34]} Qxf6 {[%clk 1:07:17]} 14. f5 {[%clk 0:39:52]} Nc8 {[%clk
1:06:41]} 15. O-O {[%clk 0:28:59]} Nd6 {[%clk 1:05:30]} 16. g4 {[%clk 0:28:14]}
Rb8 {[%clk 1:03:38]} 17. Bb3 {[%clk 0:27:10]} b5 {[%clk 1:02:51]} 18. Ng3
{[%clk 0:26:20]} Qh4 {[%clk 1:00:49]} 19. Kg2 {[%clk 0:25:57]} Bd8 {[%clk
0:58:07]} 20. axb5 {[%clk 0:22:41]} axb5 {[%clk 0:51:46]} 21. Ra6 {[%clk
0:16:31]} Rb6 {[%clk 0:49:25]} 22. Rxb6 {[%clk 0:16:10]} Bxb6 {[%clk 0:49:48]}
23. Qd2 {[%clk 0:13:49]} c4 {[%clk 0:48:20]} 24. Bc2 {[%clk 0:12:27]} Bd8
{[%clk 0:43:14]} 25. Nce2 {[%clk 0:11:53]} Bg5 {[%clk 0:39:42]} 26. Qb4 {[%clk
0:11:34]} Ke7 {[%clk 0:37:36]} 27. Ra1 {[%clk 0:11:24]} Rd8 {[%clk 0:35:21]}
28. Ra7 {[%clk 0:09:23]} g6 {[%clk 0:34:21]} 29. fxg6 {[%clk 0:02:30]} fxg6
{[%clk 0:34:42]} 30. Nd4 {[%clk 0:00:38]} exd4 {[%clk 0:27:00]} 31. e5 {[%clk
0:00:55]} Ke8 {[%clk 0:19:41]} 32. Bxg6+ {[%clk 0:00:47]} Kf8 {[%clk 0:17:18]}
33. Qxd6+ {[%clk 0:00:38]} Kg7 {[%clk 0:16:26]} 34. Bh5 {[%clk 0:00:44]} Kh8
{[%clk 0:12:44]} 35. Rxd7 {[%clk 0:00:39]} Rxd7 {[%clk 0:13:01]} 36. Qxd7
{[%clk 0:00:44]} Bd8 {[%clk 0:10:27]} 37. Qe8+ {[%clk 0:00:58]} Kg7 {[%clk
0:10:47]} 38. Nf5+ {[%clk 0:01:16]} Kh7 {[%clk 0:11:04]} 39. Qg6+ {[%clk
0:01:35]} Kh8 {[%clk 0:11:25]} 40. Qg7# 1-0

[Event "DVM U16w 2021"]
[Site "Berlin GER"]
[Date "2022.05.01"]
[Round "4"]
[White "Brewig, Bea Josephine"]
[Black "Wehling, Ida"]
[Result "1-0"]
[Termination "normal"]
[Board "3.4"]
[WhiteElo "1152"]
[BlackElo "1139"]
[WhiteClock "00:18:20"]
[BlackClock "00:21:58"]
[WhiteTeam "Chemnitzer SC Aufbau95"]
[BlackTeam "Schachgemeinschaft Turm Raesfeld/Erle"]
[PlyCount "57"]
[WhiteFideId "16249313"]
[BlackFideId "16287452"]
[EventCountry "GER"]
[EventRounds "7"]
[EventType "team-swiss"]
[EventDate "2022.04.29"]

1. e4 {[%clk 1:30:54]} e5 {[%clk 1:30:52]} 2. Nf3 {[%clk 1:31:11]} Nc6 {[%clk
1:31:16]} 3. d4 {[%clk 1:31:34]} exd4 {[%clk 1:31:29]} 4. c3 {[%clk 1:31:57]}
d5 {[%clk 1:31:28]} 5. exd5 {[%clk 1:32:18]} Qxd5 {[%clk 1:31:44]} 6. cxd4
{[%clk 1:32:37]} Bg4 {[%clk 1:31:27]} 7. Be2 {[%clk 1:32:40]} O-O-O {[%clk
1:31:25]} 8. Nc3 {[%clk 1:27:09]} Qa5 {[%clk 1:30:08]} 9. Be3 {[%clk 1:18:23]}
Nf6 {[%clk 1:17:24]} 10. O-O {[%clk 1:11:24]} Bb4 {[%clk 1:15:36]} 11. Qd3
{[%clk 0:59:22]} Bc5 {[%clk 1:02:16]} 12. Nb5 {[%clk 0:53:32]} a6 {[%clk
0:55:14]} 13. h3 {[%clk 0:52:44]} Bxf3 {[%clk 0:53:14]} 14. Qf5+ {[%clk
0:52:42]} Kb8 {[%clk 0:51:09]} 15. Bxf3 {[%clk 0:52:20]} Qxb5 {[%clk 0:43:55]}
16. dxc5 {[%clk 0:52:29]} g6 {[%clk 0:41:26]} 17. Qxf6 {[%clk 0:52:34]} Rhf8
{[%clk 0:39:12]} 18. a4 {[%clk 0:48:23]} Qc4 {[%clk 0:36:23]} 19. Bxc6 {[%clk
0:43:46]} bxc6 {[%clk 0:35:57]} 20. Qxc6 {[%clk 0:43:44]} h5 {[%clk 0:34:53]}
21. b4 {[%clk 0:41:41]} Qe6 {[%clk 0:33:04]} 22. Qf3 {[%clk 0:34:33]} Rd5
{[%clk 0:28:09]} 23. b5 {[%clk 0:29:49]} axb5 {[%clk 0:26:22]} 24. axb5 {[%clk
0:28:48]} Rfd8 {[%clk 0:23:47]} 25. Bf4 {[%clk 0:23:51]} Kc8 {[%clk 0:22:54]}
26. b6 {[%clk 0:19:10]} cxb6 {[%clk 0:22:21]} 27. cxb6 {[%clk 0:19:10]} Qxb6
{[%clk 0:22:14]} 28. Rfc1+ {[%clk 0:19:06]} Rc5 {[%clk 0:21:58]} 29. Rxc5+
{[%clk 0:18:20]} 1-0

[Event "DVM U16w 2021"]
[Site "Berlin GER"]
[Date "2022.05.01"]
[Round "4"]
[White "Gröschel, Karoline"]
[Black "Hubert, Charlotte"]
[Result "1/2-1/2"]
[Termination "normal"]
[Board "4.1"]
[WhiteElo "1645"]
[BlackElo "1692"]
[WhiteClock "00:18:14"]
[BlackClock "00:03:04"]
[WhiteTeam "SK Landau"]
[BlackTeam "Hamburger SK von 1830 eV"]
[PlyCount "80"]
[WhiteFideId "34610537"]
[BlackFideId "16265920"]
[EventCountry "GER"]
[EventRounds "7"]
[EventType "team-swiss"]
[EventDate "2022.04.29"]

1. e4 {[%clk 1:30:58]} c5 {[%clk 1:30:37]} 2. Nf3 {[%clk 1:31:23]} d6 {[%clk
1:30:59]} 3. d4 {[%clk 1:31:49]} cxd4 {[%clk 1:31:21]} 4. Nxd4 {[%clk 1:32:15]}
Nf6 {[%clk 1:31:38]} 5. Nc3 {[%clk 1:32:42]} a6 {[%clk 1:31:59]} 6. Be3 {[%clk
1:33:06]} e5 {[%clk 1:32:22]} 7. Nb3 {[%clk 1:33:31]} Be6 {[%clk 1:32:43]} 8.
f3 {[%clk 1:33:56]} Be7 {[%clk 1:33:01]} 9. Qd2 {[%clk 1:34:20]} h5 {[%clk
1:33:19]} 10. Nd5 {[%clk 1:34:42]} Nxd5 {[%clk 1:33:37]} 11. exd5 {[%clk
1:35:04]} Bf5 {[%clk 1:34:00]} 12. Be2 {[%clk 1:35:24]} a5 {[%clk 1:34:11]} 13.
a4 {[%clk 1:35:36]} Nd7 {[%clk 1:34:19]} 14. O-O {[%clk 1:30:08]} O-O {[%clk
1:32:59]} 15. Bd3 {[%clk 1:26:53]} Bxd3 {[%clk 1:31:24]} 16. Qxd3 {[%clk
1:27:14]} Bf6 {[%clk 1:19:34]} 17. Nd2 {[%clk 1:23:16]} Bg5 {[%clk 0:56:59]}
18. Bxg5 {[%clk 1:06:36]} Qxg5 {[%clk 0:57:21]} 19. Ne4 {[%clk 1:06:57]} Qe7
{[%clk 0:56:00]} 20. b3 {[%clk 0:51:37]} f5 {[%clk 0:43:07]} 21. Nd2 {[%clk
0:41:23]} Nc5 {[%clk 0:42:31]} 22. Qe3 {[%clk 0:41:07]} Rf6 {[%clk 0:22:47]}
23. Rad1 {[%clk 0:36:04]} Rg6 {[%clk 0:20:34]} 24. Nc4 {[%clk 0:35:13]} h4
{[%clk 0:18:58]} 25. h3 {[%clk 0:34:57]} f4 {[%clk 0:15:51]} 26. Qe2 {[%clk
0:29:02]} Qg5 {[%clk 0:14:29]} 27. Nd2 {[%clk 0:23:02]} Qf5 28. Ne4 {[%clk
0:21:12]} Nxe4 {[%clk 0:06:42]} 29. Qxe4 {[%clk 0:20:52]} Qxe4 {[%clk 0:07:03]}
30. fxe4 {[%clk 0:21:16]} Rg3 {[%clk 0:06:42]} 31. Rf3 {[%clk 0:20:21]} Rxf3
{[%clk 0:06:56]} 32. gxf3 {[%clk 0:20:46]} Rc8 {[%clk 0:06:33]} 33. c4 {[%clk
0:20:45]} Ra8 {[%clk 0:04:51]} 34. Kf2 {[%clk 0:19:47]} Kf7 {[%clk 0:04:43]}
35. Rg1 {[%clk 0:18:33]} Ra6 {[%clk 0:04:02]} 36. Ke2 {[%clk 0:17:28]} Rb6
{[%clk 0:04:24]} 37. Rb1 {[%clk 0:17:50]} Ke7 {[%clk 0:03:52]} 38. Kd3 {[%clk
0:17:54]} Kf6 {[%clk 0:03:49]} 39. Kc3 {[%clk 0:18:07]} Ke7 {[%clk 0:03:09]}
40. Rg1 {[%clk 0:18:14]} Kf6 {[%clk 0:03:04]} 1/2-1/2

[Event "DVM U16w 2021"]
[Site "Berlin GER"]
[Date "2022.05.01"]
[Round "4"]
[White "Wu, Yvonne Yihan"]
[Black "Sarian, Gaya"]
[Result "1-0"]
[Termination "normal"]
[Board "4.2"]
[WhiteElo "1263"]
[BlackElo "1154"]
[WhiteClock "00:57:37"]
[BlackClock "00:33:21"]
[WhiteTeam "Hamburger SK von 1830 eV"]
[BlackTeam "SK Landau"]
[PlyCount "69"]
[WhiteFideId "16298330"]
[BlackFideId "16266161"]
[EventCountry "GER"]
[EventRounds "7"]
[EventType "team-swiss"]
[EventDate "2022.04.29"]

1. e4 {[%clk 1:30:58]} e5 {[%clk 1:30:50]} 2. Nf3 {[%clk 1:31:26]} Nc6 {[%clk
1:31:06]} 3. Bc4 {[%clk 1:31:49]} Bc5 {[%clk 1:31:26]} 4. c3 {[%clk 1:32:14]}
Nf6 {[%clk 1:29:43]} 5. d4 {[%clk 1:32:40]} exd4 {[%clk 1:30:07]} 6. e5 {[%clk
1:33:03]} Ng4 {[%clk 1:20:41]} 7. cxd4 {[%clk 1:25:48]} Bb4+ {[%clk 1:14:35]}
8. Nc3 {[%clk 1:24:14]} d6 {[%clk 1:03:30]} 9. h3 {[%clk 1:19:54]} Nh6 {[%clk
0:54:15]} 10. Bg5 {[%clk 1:18:28]} Ne7 {[%clk 0:47:52]} 11. Qa4+ {[%clk
1:15:56]} c6 {[%clk 0:41:00]} 12. Qxb4 {[%clk 1:13:37]} d5 {[%clk 0:40:59]} 13.
Bd3 {[%clk 1:08:25]} Nhg8 {[%clk 0:40:27]} 14. O-O {[%clk 1:06:57]} Qc7 {[%clk
0:37:57]} 15. Rac1 {[%clk 1:02:55]} Be6 {[%clk 0:36:17]} 16. Nb5 {[%clk
1:02:51]} Qd7 {[%clk 0:36:06]} 17. Nd6+ {[%clk 1:02:47]} Kf8 {[%clk 0:36:29]}
18. Qxb7 {[%clk 1:02:26]} Qxb7 {[%clk 0:36:48]} 19. Nxb7 {[%clk 1:02:47]} Rb8
{[%clk 0:37:16]} 20. Nc5 {[%clk 1:01:36]} Rxb2 {[%clk 0:37:20]} 21. Rc2 {[%clk
1:01:32]} Rb4 {[%clk 0:35:42]} 22. Rc3 {[%clk 0:58:09]} h6 {[%clk 0:32:58]} 23.
Bxe7+ {[%clk 0:57:00]} Nxe7 {[%clk 0:33:24]} 24. Ra3 {[%clk 0:56:34]} Nc8
{[%clk 0:32:17]} 25. Rc1 {[%clk 0:56:40]} Ke7 {[%clk 0:30:48]} 26. Nxe6 {[%clk
0:56:30]} fxe6 {[%clk 0:31:17]} 27. Rxc6 {[%clk 0:56:30]} Rd8 {[%clk 0:31:26]}
28. Rc7+ {[%clk 0:55:59]} Rd7 {[%clk 0:31:26]} 29. Rxc8 {[%clk 0:56:17]} Rxd4
{[%clk 0:31:29]} 30. Nxd4 {[%clk 0:56:35]} Rb7 {[%clk 0:31:45]} 31. Nc6+ {[%clk
0:56:35]} Kd7 {[%clk 0:32:10]} 32. Nxa7 {[%clk 0:56:48]} Rxa7 {[%clk 0:32:33]}
33. Rxa7+ {[%clk 0:57:09]} Kxc8 {[%clk 0:32:59]} 34. Rxg7 {[%clk 0:57:22]} d4
{[%clk 0:33:21]} 35. a4 {[%clk 0:57:37]} 1-0

[Event "DVM U16w 2021"]
[Site "Berlin GER"]
[Date "2022.05.01"]
[Round "4"]
[White "Steinlechner, Katja"]
[Black "Modali, Nikhilamrutha"]
[Result "1-0"]
[Termination "normal"]
[Board "4.3"]
[WhiteElo "1317"]
[BlackElo "1262"]
[WhiteClock "00:16:06"]
[BlackClock "00:02:49"]
[WhiteTeam "SK Landau"]
[BlackTeam "Hamburger SK von 1830 eV"]
[PlyCount "69"]
[WhiteFideId "16265173"]
[BlackFideId "16282370"]
[EventCountry "GER"]
[EventRounds "7"]
[EventType "team-swiss"]
[EventDate "2022.04.29"]

1. d4 {[%clk 1:30:55]} Nf6 {[%clk 1:30:53]} 2. Bf4 {[%clk 1:31:13]} g6 {[%clk
1:30:55]} 3. Nc3 {[%clk 1:29:07]} Bg7 {[%clk 1:30:25]} 4. e4 {[%clk 1:27:52]}
d6 {[%clk 1:27:32]} 5. Nf3 {[%clk 1:25:30]} Nbd7 {[%clk 1:24:32]} 6. Qd2 {[%clk
1:23:56]} O-O {[%clk 1:20:21]} 7. Bh6 {[%clk 1:21:31]} Re8 {[%clk 1:17:58]} 8.
O-O-O {[%clk 1:20:36]} Bh8 {[%clk 1:17:34]} 9. Bc4 {[%clk 1:18:25]} Nb6 {[%clk
1:09:19]} 10. Bb3 {[%clk 1:16:16]} a5 {[%clk 1:03:49]} 11. a3 {[%clk 1:12:30]}
e6 {[%clk 0:57:05]} 12. h4 {[%clk 1:09:33]} d5 {[%clk 0:51:25]} 13. e5 {[%clk
1:05:04]} Ng4 {[%clk 0:50:36]} 14. h5 {[%clk 1:03:40]} Nxh6 {[%clk 0:38:14]}
15. Qxh6 {[%clk 1:03:06]} Bg7 {[%clk 0:36:58]} 16. Qf4 {[%clk 1:01:42]} h6
{[%clk 0:33:40]} 17. hxg6 {[%clk 0:48:30]} fxg6 {[%clk 0:31:42]} 18. Rxh6
{[%clk 0:46:29]} Rf8 {[%clk 0:29:38]} 19. Qh4 {[%clk 0:43:31]} Qxh4 {[%clk
0:25:25]} 20. Rxh4 {[%clk 0:43:20]} Rf5 {[%clk 0:23:47]} 21. Rdh1 {[%clk
0:39:56]} Kf7 {[%clk 0:22:52]} 22. Ne2 {[%clk 0:38:01]} a4 {[%clk 0:21:08]} 23.
Ba2 {[%clk 0:37:37]} Bd7 {[%clk 0:19:51]} 24. Ng3 {[%clk 0:37:25]} g5 {[%clk
0:19:08]} 25. Rh7 {[%clk 0:34:56]} Rg8 {[%clk 0:11:38]} 26. Nxf5 {[%clk
0:34:24]} exf5 {[%clk 0:12:04]} 27. Nxg5+ {[%clk 0:30:22]} Ke8 {[%clk 0:10:11]}
28. f4 Bf8 {[%clk 0:08:59]} 29. Rh8 {[%clk 0:22:09]} Rxh8 {[%clk 0:05:55]} 30.
Rxh8 {[%clk 0:22:27]} Ke7 {[%clk 0:06:20]} 31. Rh7+ {[%clk 0:21:48]} Ke8 {[%clk
0:06:24]} 32. Kd2 {[%clk 0:20:22]} c5 {[%clk 0:06:31]} 33. dxc5 {[%clk
0:18:25]} Bxc5 {[%clk 0:06:16]} 34. e6 {[%clk 0:16:38]} Nc4+ {[%clk 0:02:49]}
35. Bxc4 {[%clk 0:16:06]} 1-0

[Event "DVM U16w 2021"]
[Site "Berlin GER"]
[Date "2022.05.01"]
[Round "4"]
[White "Einacker, Anika"]
[Black "Lang, Elli"]
[Result "1-0"]
[Termination "normal"]
[Board "4.4"]
[WhiteElo "1187"]
[BlackElo "1005"]
[WhiteClock "00:17:20"]
[BlackClock "00:08:55"]
[WhiteTeam "Hamburger SK von 1830 eV"]
[BlackTeam "SK Landau"]
[PlyCount "137"]
[WhiteFideId "34620591"]
[BlackFideId "34620630"]
[EventCountry "GER"]
[EventRounds "7"]
[EventType "team-swiss"]
[EventDate "2022.04.29"]

1. d4 {[%clk 1:30:57]} d5 {[%clk 1:30:48]} 2. Nf3 {[%clk 1:31:16]} Nc6 {[%clk
1:30:38]} 3. g3 {[%clk 1:30:28]} Bg4 {[%clk 1:28:37]} 4. Bg2 {[%clk 1:30:02]}
e6 {[%clk 1:27:02]} 5. O-O {[%clk 1:29:54]} Bd6 {[%clk 1:26:34]} 6. b3 {[%clk
1:27:21]} b5 {[%clk 1:22:13]} 7. c4 {[%clk 1:25:34]} bxc4 {[%clk 1:19:45]} 8.
bxc4 {[%clk 1:24:24]} Nf6 {[%clk 1:18:23]} 9. Nc3 {[%clk 1:22:46]} Bb4 {[%clk
1:12:05]} 10. Bb2 {[%clk 1:17:10]} Bxc3 {[%clk 1:09:19]} 11. Bxc3 {[%clk
1:17:31]} O-O {[%clk 1:05:28]} 12. Nd2 {[%clk 1:07:13]} Qd7 {[%clk 1:02:30]}
13. f3 {[%clk 1:06:04]} Bh5 {[%clk 1:00:11]} 14. cxd5 {[%clk 0:59:32]} Nxd5
{[%clk 0:58:58]} 15. Qc1 {[%clk 0:50:27]} Nxc3 {[%clk 0:58:10]} 16. Qxc3 {[%clk
0:48:56]} Nxd4 {[%clk 0:57:12]} 17. Rfe1 {[%clk 0:44:49]} Bg6 {[%clk 0:54:45]}
18. Nb3 {[%clk 0:41:25]} Nxb3 {[%clk 0:42:04]} 19. Qxb3 {[%clk 0:40:38]} Qd4+
{[%clk 0:38:31]} 20. e3 {[%clk 0:35:17]} Qb6 {[%clk 0:35:08]} 21. Rac1 {[%clk
0:27:14]} Qxb3 {[%clk 0:32:10]} 22. axb3 {[%clk 0:27:36]} Rfc8 {[%clk 0:30:53]}
23. Rc3 {[%clk 0:25:29]} a5 {[%clk 0:28:18]} 24. Rec1 {[%clk 0:23:37]} Ra7
{[%clk 0:26:18]} 25. Rc5 {[%clk 0:17:40]} f6 {[%clk 0:19:42]} 26. f4 {[%clk
0:17:40]} Be8 {[%clk 0:15:30]} 27. Bc6 {[%clk 0:17:06]} Kf8 {[%clk 0:13:35]}
28. Bxe8 {[%clk 0:16:39]} Kxe8 {[%clk 0:13:56]} 29. Kf2 {[%clk 0:12:30]} Kd7
{[%clk 0:13:20]} 30. Ra1 {[%clk 0:11:35]} Kd6 {[%clk 0:09:56]} 31. Rcxa5 {[%clk
0:11:33]} Rxa5 {[%clk 0:09:55]} 32. Rxa5 {[%clk 0:11:57]} c5 {[%clk 0:08:47]}
33. Ra7 {[%clk 0:09:59]} Rb8 {[%clk 0:07:19]} 34. Rxg7 {[%clk 0:10:16]} Rxb3
{[%clk 0:07:14]} 35. Rxh7 {[%clk 0:10:36]} c4 {[%clk 0:07:09]} 36. Rh8 {[%clk
0:09:57]} Kd7 {[%clk 0:06:40]} 37. Ra8 {[%clk 0:08:54]} Rb2+ {[%clk 0:04:33]}
38. Ke1 {[%clk 0:08:13]} Rb1+ {[%clk 0:04:50]} 39. Kd2 {[%clk 0:08:24]} Kd6
{[%clk 0:04:51]} 40. Ra5 {[%clk 0:07:07]} Rb3 {[%clk 0:04:02]} 41. Kc2 {[%clk
0:07:00]} Rxe3 {[%clk 0:02:53]} 42. Rh5 {[%clk 0:04:29]} e5 {[%clk 0:01:35]}
43. fxe5+ {[%clk 0:30:01]} fxe5 {[%clk 0:31:49]} 44. g4 {[%clk 0:28:45]} Kd5
{[%clk 0:29:20]} 45. Rh8 {[%clk 0:22:00]} Ke4 {[%clk 0:25:58]} 46. g5 {[%clk
0:19:52]} Kd4 {[%clk 0:16:35]} 47. Rd8+ {[%clk 0:19:29]} Ke4 {[%clk 0:13:08]}
48. g6 {[%clk 0:15:51]} Re2+ {[%clk 0:05:53]} 49. Rd2 {[%clk 0:15:41]} Rxd2+
{[%clk 0:04:24]} 50. Kxd2 {[%clk 0:15:59]} Kd4 {[%clk 0:04:45]} 51. Kc2 {[%clk
0:15:35]} e4 {[%clk 0:05:02]} 52. g7 {[%clk 0:15:59]} e3 {[%clk 0:04:46]} 53.
g8=Q {[%clk 0:16:05]} e2 {[%clk 0:05:13]} 54. Qg4+ {[%clk 0:16:08]} Ke3 {[%clk
0:05:18]} 55. Qg3+ {[%clk 0:15:57]} Kd4 {[%clk 0:05:31]} 56. Qf4+ {[%clk
0:14:57]} Kc5 {[%clk 0:05:51]} 57. Qe3+ {[%clk 0:15:14]} Kb4 {[%clk 0:06:14]}
58. Qxe2 {[%clk 0:15:22]} Kc5 {[%clk 0:06:11]} 59. Kc3 {[%clk 0:15:31]} Kd5
{[%clk 0:06:31]} 60. Qxc4+ {[%clk 0:15:45]} Ke5 {[%clk 0:06:49]} 61. Kd3 {[%clk
0:15:37]} Kd6 {[%clk 0:06:51]} 62. Kd4 {[%clk 0:15:47]} Kd7 {[%clk 0:07:00]}
63. Qa6 {[%clk 0:15:47]} Ke7 {[%clk 0:07:11]} 64. Ke5 {[%clk 0:16:05]} Kd7
{[%clk 0:07:32]} 65. Qd6+ {[%clk 0:16:24]} Kc8 {[%clk 0:07:55]} 66. Qe7 {[%clk
0:16:42]} Kb8 {[%clk 0:08:17]} 67. Kd6 {[%clk 0:17:00]} Ka8 {[%clk 0:08:36]}
68. Kc6 {[%clk 0:17:20]} Kb8 {[%clk 0:08:55]} 69. Qb7# 1-0